000
00261nam a2200097Ia 4500
008
230915s9999 xx 000 0 und d
050
_a
LB2822.22.S36 1999
100
_a
MIKE SCHMOKER
245
0
_a
RESULTS: THE KEY TO CONTINUOUS SCHOOL IMPROVEMENT
942
_c
BK
999
_c
169731
_d
169731